| 000 | 00823nam0a22002531 4500 | ||
|---|---|---|---|
| 001 | rc\2771161 | ||
| 005 | 20250806204324.0 | ||
| 035 | _a(NLR Aleph) 006897533 | ||
| 090 |
_a28033 _c28033 |
||
| 100 | _a20110915d1941 u y0rusy50 ca | ||
| 101 | 0 | _arus | |
| 102 | _aRU | ||
| 105 | _aa z ||||| | ||
| 200 | 1 |
_aОтжиг и закалка листового стекла _fВ. И. Ванин |
|
| 210 |
_aМосква _aЛенинград _cГизлегпром _d1941 _eЛенинград |
||
| 215 |
_a52 с. _cил., черт. _d22 см. |
||
| 700 | 1 |
_aВанин _bВ.И. _gВасилий Иванович |
|
| 801 | 0 |
_aRU _bNLR _gpsbo |
|
| 801 | 1 |
_aRU _bELAR _2rusmarc |
|
| 852 |
_aNLR _jТ44 Г-6/15 |
||
| 942 | _cBOOK | ||
| 945 | _aРоссийская национальная библиотека | ||
| 980 | _aNB | ||
| 980 | _aBV | ||